| 000 | 00711cam a22002534a 4500 | ||
|---|---|---|---|
| 008 | |||
| 020 | _a019928248X (pbk.) | ||
| 049 | _aMAIN | ||
| 090 |
_aKD1554 _bPOO |
||
| 100 | 1 | _aPoole, Jill. | |
| 245 | 1 | 0 |
_aTextbook on contract law / _cJill Poole. |
| 250 | _a8th ed. | ||
| 260 |
_aOxford : _bOxford University Press, _cc2006. |
||
| 300 |
_axxxi, 639 p. : _bill. ; _c25 cm. |
||
| 500 | _aIncludes index. | ||
| 504 | _aIncludes bibliographical references. | ||
| 650 | 0 |
_aContracts _zEngland. |
|
| 650 | 0 |
_aContracts _zWales. |
|
| 907 |
_a.b10294752 _b27-08-12 _c13-04-11 |
||
| 003 | |||
| 005 | 20230123125237.0 | ||
| 040 | _cNUST | ||
| 942 |
_cBOOKS _kKD1554 _mPOO |
||
| 999 |
_c138196 _d138196 |
||